U.S. Military Medals by Picture - Statistics

General Stats
  • This quiz has been taken 68 times
  • The average score is 6 of 16
Answer Stats
Picture Answer % Correct
Purple Heart
94%
Medal of Honor
87%
Silver Star
72%
Bronze Star
68%
Navy Cross
49%
Distinguished Flying Cross
34%
Air Force Cross
30%
Army Distinguished Service Cross
30%
Prisoner of War Medal
30%
Afghanistan Campaign Medal
28%
Meritorious Service Medal
26%
Navy and Marine Corps Medal
26%
Army Good Conduct Medal
23%
Defense Superior Service Medal
19%
Armed Forces Reserve Medal
17%
Air and Space Commendation Medal
13%
No matching quizzes found
Score Distribution
Percent of People with Each Score
Percentile by Number Answered
Your Score History
You have not taken this quiz